000 00436nam a2200169 a 4500
005 20240614063659.0
008 991125s1972 ea 000 0 eng u
020 _a0673045080
035 _aUPN01000006058
049 _aCG
050 4 _aPE1111
_bB74
245 0 0 _aBridges :
_blevel 15.
260 _aGlenswew, Ill. :
_bScott Foresman,
_c1972.
300 _a168 p. :
_bil.
650 4 _aInglés
_xEstudio y enseñanza
_918
905 _aLibro
999 _c6058
_d6058